| 000 | 00533nam a2200157Ia 4500 | ||
|---|---|---|---|
| 008 | 230907s9999||||xx |||||||||||||| ||und|| | ||
| 082 |
_a621.3 _bHAF |
||
| 100 |
_aHafsa Ahmad (00000317868) _9116781 |
||
| 245 | 0 | _aMonitoring Transient Stability in Electric Power Systems using a Hybrid Model of Convolutional Neural Network and Random Forest / | |
| 260 |
_aUSPCAS-E, NUST, _bIslamabad : _c2022 |
||
| 300 | _aix, 57 p. | ||
| 520 | _aTH-447 | ||
| 650 | _aMS-EEP Thesis MS Thesis | ||
| 700 | _aDr Muhammad Yousif | ||
| 942 |
_cTHE _2ddc |
||
| 999 |
_c602125 _d602125 |
||